MDQL
is popping MORE tags! Check the
thread
!
Quizzes
Events
Quiz Creation
Community
Videos
Private Events
Remove Ads
Sign In
Join for FREE
Feedback
Dark Mode
Quiz Categories
Sports
Geography
Music
Movies
Television
Just For Fun
Miscellaneous
History
Literature
Language
Science
Gaming
Entertainment
Religion
Holiday
For Kids
Quiz Lab
Recent
Popular Today
Quiz Kudos Today
Editor Picks
Curator Picks
Quizzes by...
Day
Popularity
Type
Ratings
Length
Year
Community
Subscriptions
Recent Discussions
Orange Saloon
Badges
Playlists
Quests
Create
Leaderboards
Showdown
Live 5
Trivia Bingo
Activity
Puzzle Library
Sporcle Events
Private Events
Virtual Trivia
Globe League
Become a Host
Pub Owners
SporcleCon
Opinionation
Our Games
Videos
Blog
Mobile Apps
Partnerships
Remove Ads and Go Orange
Feedback
Sports
Athletes
MLB
NBA
NHL
NFL
Soccer
Sports Teams
WWE
NCAA
Football
Premier League
Basketball
Baseball
Hockey
Golf
Tennis
Cricket
Rugby
Auto Racing
Olympics
World Cup
Sports
Athletes
MLB
NBA
NHL
NFL
Soccer
Sports Teams
WWE
NCAA
Football
Premier League
Basketball
Baseball
Hockey
Golf
Tennis
Cricket
Rugby
Auto Racing
Olympics
World Cup
Random Quiz
Search Sporcle
×
Quiz Lab
Quiz Lab
Sports
NHL
Type in answers that appear in a list
Type in answers that appear in a list
Classic
Best Score? Go Orange.
NHL Career Point Per Game Players Stats
Can you name the NHL Career Point Per Game Players (minimum 200 game)?
By
nolan5303
10m
60 Questions
290 Plays
290 Plays
290 Plays
Comments
Comments
Give Quiz Kudos
Give Quiz Kudos
-
- Ratings
hide this ad
More Info
Replay
Link that replays current quiz
Next Quiz
Link to next quiz in quiz playlist
You Got
0%
They Got
Avg Score
61%
Avg Friend Score
Upgrade to see
Score Distribution
Jump to the score distribution portion of the page
Score
0/60
Timer
10:00
0
Plays Today
% Correct
Wayne Gretzky
99.3%
Mario Lemieux
95.2%
Mark Messier
92.1%
Bobby Hull
91.7%
Brett Hull
91.7%
Alex Ovechkin
91.4%
Sidney Crosby
91%
Gordie Howe
91%
Bobby Orr
89%
Jaromir Jagr
87.2%
Mike Bossy
86.9%
Steve Yzerman
86.2%
Phil Esposito
85.2%
Joe Sakic
84.1%
Marcel Dionne
81%
Jari Kurri
80.3%
Guy Lafleur
79.7%
Evgeni Malkin
79.3%
Teemu Selanne
78.6%
Bryan Trottier
76.6%
Ron Francis
76.6%
Peter Forsberg
76.2%
Eric Lindros
75.2%
Paul Coffey
74.8%
Pavel Bure
74.5%
Joe Thornton
73.8%
Stan Mikita
73.1%
Mats Sundin
72.8%
Adam Oates
70%
Bobby Clarke
69%
% Correct
Paul Kariya
65.9%
Denis Savard
64.5%
Pat LaFontaine
64.1%
Dale Hawerchuk
63.8%
Jean Beliveau
61.7%
Ilya Kovalchuk
61.7%
Peter Stastny
59%
Gilbert Perreault
59%
Alexander Mogilny
57.2%
Dany Heatley
56.6%
Theo Fleury
54.1%
Darryl Sittler
50.7%
Pierre Turgeon
50%
Michel Goulet
47.6%
Bernie Nicholls
44.8%
Bernie Federko
40.7%
Jason Spezza
36.6%
Joey Mullen
36.2%
Steve Larmer
35.9%
Kent Nilsson
35.2%
Tim Kerr
31.4%
Rick Martin
28.6%
Ziggy Palffy
27.6%
Charlie Simmer
22.1%
Syl Apps
18.6%
Mike Rogers
16.6%
Pierre Larouche
15.9%
Cy Denneny
7.6%
Bill Cowley
7.6%
Real Cloutier
4.8%
Quiz Playlist
Details
Report
Send in Message
Add To Playlist
More Info:
Point per game players with a minimum of 200 games played... upto 08/09 season
Classic:
Type in answers that appear in a list
Last Updated: Feb 16, 2017
Quiz Scoreboard
CHALLENGE
Sign Up to Join the Scoreboard
Show All
Scores
Hide
Comments
May contain spoilers
Recently Published
Two Season TV Shows II
by 123Four
Television
10m
Image Sorting: Flags VI
by Barbecue
Geography
2m
Find the 'City' Movie
by crazypaving
Movies
60s
More to Explore
Quiz From the Vault
Featured Blog Post
14 Easter Pick-up Lines to Find Eggs With
hide this ad
You Might Also Like...
Tags
Board Games Quiz
NHL Quiz
200
Career
minimum
Per Game
Player
point
Today's Top Quizzes in Sports
Browse Sports
hide this ad
Today's Top Quizzes in NHL
Browse NHL
Top Contributed Quizzes in Sports
1
Les meilleurs buteurs des matchs entre le PSG et l’OM
2
Les entraîneurs de l'OM et du PSG au 21e siècle
3
2022 World Cup Stars
4
Les joueurs passés par le PSG et l'OM
5
Players with Multiple 50 Home Run Seasons
6
Criteria MLB: Left Handed Sluggers
7
FIFA Club World Cup Champions
8
Les joueurs passés par le LOSC et le RC Lens
9
NBA Logic Puzzle 2.0
10
Top 10 NHL Goal Scorers of All Time
Explore More
Trending Topics
Anime
Marvel
NBA
Disney
Crossword
Harry Potter
Kpop
Song
Pokémon
Country
Puzzle
NFL
The Office
Soccer
WWE
hide this ad
More By:
nolan5303
Quiz
Plays
Rating
Category
Featured
Created
Canadian Hockey Olympians (1998-2010)
9,306
4.52
Sports
Dec 30, 2009
Hockey News' Top 100 Habs
6,113
4.43
Sports
Jan 22, 2010
25 longest Metallica songs
4,880
3.29
Music
Dec 24, 2009
NHL top 5 scorers per team since 1990
3,113
4.50
Sports
Jan 28, 2010
England's goal scorers
773
2.60
Sports
Jan 23, 2010
Go to Creator's Profile
Score Distribution
Quiz Creator Spotlight
nolan5303
Follow
Send a Message
Quizzes Created
-
Created Quiz Play Count
-
More By This Creator
Popular Quizzes Today
1
Find the US States - No Outlines Minefield
2
Colored Red Africa Blitz
3
Find the 'City' Movie
4
5x2 Blitz: Bands
5
The Countries of the World
6
Find the Countries of Europe - No Outlines Minefield
7
Find the US States
8
US States
More Sports Quizzes
Progressively Longer Inter Milan Players
Quiz Lab
Trending Quizzes
Colored Red Europe Blitz I
Colored Red Africa Blitz II
Colored Red Europe Blitz II
Colored Red Africa Blitz III
Colored Red Europe Blitz III
Recently Updated
How Do You Spell That?
pecheneg
Godzilla Movies
pecheneg
Grab Bag: 4-10 Letters
pecheneg
2024 March Madness Bracket
pecheneg
Famous TV Couples
Peacemaker
Champions League XIs: Real Madrid
pecheneg
Largest US Cities 1790-2010
pecheneg
Rides in Walt Disney World
pecheneg
Most Oscar Losses (Acting)
pecheneg
Beyoncé Albums
pecheneg
Trending Topics
Harry Potter
Marvel
Anime
Disney
Kpop
NBA
Crossword
NFL
WWE
Puzzle
Song
Country
The Office
Soccer
Pokémon
Your Account Isn't Verified!
In order to create a playlist on Sporcle, you need to verify the email address you used during registration. Go to your
Sporcle Settings
to finish the process.
Report this User
Report this user for behavior that violates our
Community Guidelines
.
Details:
Send Report
Go to the Sporcle.com Mobile Site →
Comments